| 000 | 00000cas 2200000zi 4500 |
| 001 | 9.844384 |
| 003 | CaOODSP |
| 005 | 20260319101323 |
| 006 | m o d f |
| 007 | cr cn||||||||| |
| 008 | 170922c20179999quchr pso f0 b0fre|d |
| 022 | |a2561-2689 |
| 040 | |aCaOODSP|bfre|erda|cCaOODSP |
| 043 | |an-cn--- |
| 086 | 1 |aP1-35F-PDF |
| 110 | 1 |aCanada. |bServices publics et approvisionnement Canada, |eauteur, |eorganisme de publication. |
| 222 | 0|aStratégie ministérielle de développement durable (SMDD) |b(Canada. Services publics et approvisionnements Canada) |
| 245 | 10|aStratégie ministérielle de développement durable (SMDD) / |cServices publics et Approvisionnement Canada. |
| 246 | 3 |iLe livraison de 2020/2023 comport le titre : |aStratégie ministérielle de développement durable de … |
| 246 | 3 |iCertains livraisons comportent le titre : |aStratégie ministérielle de développement durable de Services publics et Approvisionnement Canada … |
| 264 | 1|a[Gatineau, Québec] : |bServices publics et Approvisionnement Canada, |c[2017]- |
| 310 | |atriennale |
| 336 | |atexte|btxt|2rdacontent/fre |
| 337 | |ainformatique|bc|2rdamedia/fre |
| 338 | |aressource en ligne|bcr|2rdacarrier/fre |
| 362 | 1 |aParaît depuis : 2017/2020. |
| 500 | |aPubli. aussi en anglais sous le titre : Departmental sustainable development strategy (DSDS). |
| 588 | |aDescription d'après : 2017/2020. |
| 588 | |aDernière livraison consultée : 2020/2023. |
| 610 | 16|aCanada. |bServices publics et approvisionnement Canada|vPériodiques. |
| 650 | 6|aDéveloppement durable|xPolitique gouvernementale|zCanada|vPériodiques. |
| 650 | 6|aEnvironnement|xPolitique gouvernementale|zCanada|vPériodiques. |
| 650 | 6|aMarchés publics|xAspect de l'environnement|zCanada|vPériodiques. |
| 651 | 6|aCanada. |
| 655 | 7|aPériodiques|2rvmgf |
| 775 | 08|tDepartmental sustainable development strategy (DSDS) / |w(CaOODSP)9.844381 |